Analysing the economic impact of tourism in Kashmir (Record no. 512971)

000 -LEADER
fixed length control field 00471nam a2200157 4500
008 - FIXED-LENGTH DATA ELEMENTS--GENERAL INFORMATION
fixed length control field 200107b ||||| |||| 00| 0 eng d
100 ## - MAIN ENTRY--PERSONAL NAME
Personal name Gulzar, Arif
245 ## - TITLE STATEMENT
Title Analysing the economic impact of tourism in Kashmir
260 ## - PUBLICATION, DISTRIBUTION, ETC. (IMPRINT)
Name of publisher, distributor, etc World Affairs
300 ## - PHYSICAL DESCRIPTION
Extent 23(3), Jul-Sep, 2019: p.108-117.
700 ## - ADDED ENTRY--PERSONAL NAME
Personal name Khan, Tanveer Ahmad
9 (RLIN) 15160
700 ## - ADDED ENTRY--PERSONAL NAME
Personal name Hamid, Wasia
9 (RLIN) 15161
773 ## - HOST ITEM ENTRY
Main entry heading World Affairs
906 ## - LOCAL DATA ELEMENT F, LDF (RLIN)
Subject DIP Tourism - India - Kashmir
942 ## - ADDED ENTRY ELEMENTS (KOHA)
Source of classification or shelving scheme
Item type Articles
Holdings
Withdrawn status Lost status Source of classification or shelving scheme Damaged status Not for loan Permanent location Current location Date acquired Serial Enumeration / chronology Barcode Date last seen Koha item type
          Indian Institute of Public Administration Indian Institute of Public Administration 2020-01-07 23(3), Jul-Sep, 2019: p.108-117. AR122296 2020-01-07 Articles

Powered by Koha